The Walking Dead Season 1 Quiz - Statistics

General Stats
  • This quiz has been taken 376 times
  • The average score is 14 of 15
Answer Stats
Question Answer % Correct
Who is Rick's son? Carl
100%
Who cut off his own hand on the top of a building in Atlanta? Daryl's brother, Merle
100%
Who helped Rick when he was stuck in a tank in Atlanta? Glenn
100%
Why did Shane beat Ed? He abused his wife and started a fight.
100%
Why did Rick get into hospital at the beginning of Season 1? He got shot.
100%
Who was Rick's wife? Lori
100%
Who was Rick's partner when he was working as a sheriff? Shane
100%
Who was Lori's lover? Shane
100%
Why did Andrea's sister die? She was bit by a walker.
100%
How was the doctor at the CDC called? Edwin Jenner
94%
Who was Carol's husband and who was Carol's daughter? Ed and Sophia.
91%
Where did Rick work before the apocalypse? He was a sheriff.
91%
Where did Rick and his team went at the end of Season 1? to the CDC.
91%
Why did Jim start digging graves? He had a nightmare.
71%
What vehicle did Rick use to get to Atlanta? A car and a horse
35%
No matching quizzes found
Score Distribution
Percent of People with Each Score
Percentile by Number Answered
Your Score History
You have not taken this quiz